Top 10 Croatian Football Transfer Records - Statistics

General Stats
  • This quiz has been taken 219 times
  • The average score is 8 of 10
Answer Stats
Rank Name Joined Left Season Fee % Correct
5 Luka Modric Real Madrid Tottenham Hotspur 12/13 €35.00m
99%
1 Josko Gvardiol Manchester City RB Leipzig 23/24 €90.00m
96%
4 Josko Gvardiol RB Leipzig GNK Dinamo Zagreb 21/22 €36.80m
96%
2 Mateo Kovacic Chelsea FC Real Madrid 19/20 €45.00m
95%
3 Mateo Kovacic Real Madrid Inter Milan 15/16 €38.00m
95%
8 Mateo Kovacic Manchester City Chelsea FC 23/24 €29.10m
95%
9 Dejan Lovren Liverpool FC Southampton FC 14/15 €25.30m
82%
10 Lovro Majer VfL Wolfsburg Stade Rennais FC 23/24 €25.00m
52%
6 Nikola Vlašić West Ham United CSKA Moscow 21/22 €30.00m
47%
7 Marko Pjaca Juventus FC GNK Dinamo Zagreb 16/17 €29.40m
46%
No matching quizzes found
Score Distribution
Percent of People with Each Score
Percentile by Number Answered
Your Score History
You have not taken this quiz